000
00276nam a2200133Ia 4500
100
_a
#N/A
650
_a
Computers
942
_c
BK
654
_a
RED HAT LINUX
245
_a
COMPLETE REFERENCE RED HAT LINUX
260
_b
Tata McGraw Hil
082
_b
PET
546
_a
ENGLISH
999
_c
35238
_d
35238